| 000 | 00721nam a22002417a 4500 | ||
|---|---|---|---|
| 003 | 0 | ||
| 005 | 20250324175042.0 | ||
| 008 | 250324b xxu||||| |||| 00| 0 eng d | ||
| 020 | _a9781394200924 | ||
| 050 |
_aHV 8079 _b.K73 2024 |
||
| 100 | _aKranacher, Mary-Jo | ||
| 245 |
_aForensic accounting and fraud examination _cMary-Jo Kranacher and Richard Riley |
||
| 250 | _aThird edition | ||
| 260 |
_aHoboken, New Jersey _bJohn Wiley & Sons _c2024 |
||
| 300 |
_axv, 617 pages ; _c28cm. |
||
| 504 | _aIncludes index. | ||
| 650 | _aForensic accounting. | ||
| 650 | _aFraud investigation. | ||
| 650 | _aAuditing. | ||
| 650 | _aAccounting—Corrupt practices. | ||
| 700 | _aRiley, Richard. | ||
| 942 |
_2lcc _cBK |
||
| 999 |
_c367337 _d367337 |
||